000 00582nam a2200193Ia 4500
003 OSt
005 20200817132257.0
008 190216s9999||||xx |||||||||||||| ||und||
020 _a9788126509119
040 _coclc
082 _a546
_bDOU/C
100 _aDouglas, Bodie E
_94163
245 0 _aConcepts And Models Of Inorganic Chemistry /
_cBodie E Douglas ; D H Mcdaniel ; J J Alexander
250 _a3rd Ed.
260 _bWiley India,
_c2011.
_aNew Delhi:
300 _a997p
650 _aChemistry-Chemistry
942 _cBK
_2ddc
_h546
_iDOU/C
_k546
_mDOU/C
999 _c3521
_d3521